Normas de calidad de enfermeria : (Registro nro. 36081)
[ vista simple ]
| 000 -CABECERA | |
|---|---|
| campo de control de longitud fija | 00500nam a2200133 a 4500 |
| 001 - NÚMERO DE CONTROL | |
| campo de control | 000036590 |
| 005 - FECHA Y HORA DE LA ÚLTIMA TRANSACCIÓN | |
| campo de control | 20200930075820.0 |
| 008 - DATOS DE LONGITUD FIJA--INFORMACIÓN GENERAL | |
| campo de control de longitud fija | 120120s1978 es 000 0 spa d |
| 040 ## - FUENTE DE LA CATALOGACIÓN | |
| Centro catalogador/agencia de origen | DO-SdBNP |
| Lengua de catalogación | spa |
| Centro/agencia transcriptor | BNPHU |
| 100 1# - ENTRADA PRINCIPAL--NOMBRE DE PERSONA | |
| Nombre de persona | Mason, E. J. |
| 9 (RLIN) | 62863 |
| 245 10 - MENCIÓN DE TÍTULO | |
| Título | Normas de calidad de enfermeria : |
| Resto del título | métodos de elaboración / |
| Mención de responsabilidad, etc. | E.J. Mason ; revisión de la edición española Pilar Vilagrasa Ortí ; traducción Margarita Mogás Oliva. |
| 260 ## - PUBLICACIÓN, DISTRIBUCIÓN, ETC. | |
| Lugar de publicación, distribución, etc. | Barcelona : |
| Nombre del editor, distribuidor, etc. | Doyma, |
| Fecha de publicación, distribución, etc. | 1978. |
| 300 ## - DESCRIPCIÓN FÍSICA | |
| Extensión | XVI, 279 p. ; |
| Dimensiones | 22 cm. |
| Estado de retiro | Estado de pérdida | Restricciones de uso | No para préstamo | Código de colección | Localización permanente | Ubicación/localización actual | Ubicación en estantería | Fecha de adquisición | Número de inventario | Total de préstamos | Signatura topográfica completa | Código de barras | Fecha visto por última vez | Precio válido a partir de | Tipo de ítem Koha |
|---|---|---|---|---|---|---|---|---|---|---|---|---|---|---|---|
| Excluido de préstamo | Monografías: Libros y Folletos | General | General | En catalogación | 20.01.2012 | LF1 | 36590-10 | 25.06.2020 | 25.06.2020 | No se presta |
